Citizen and Society/ (Record no. 206707)

MARC details
000 -LEADER
fixed length control field 00567nam a2200193 4500
005 - DATE AND TIME OF LATEST TRANSACTION
control field 20241024143851.0
010 ## - LCCN (DPL NO)
LC control number ENG-142422
020 ## - INTERNATIONAL STANDARD BOOK NUMBER
Terms of availability 595.00
International Standard Book Number 9788129137562
035 ## - SYSTEM CONTROL NUMBER
System control number EN-125954
037 ## - SOURCE OF ACQUISITION
Source of stock number/acquisition DBAD
082 ## - DEWEY DECIMAL CLASSIFICATION NUMBER
Classification number 333.954
100 ## - MAIN ENTRY--PERSONAL NAME
Personal name Ansari, M. Hamid
245 ## - TITLE STATEMENT
Title Citizen and Society/
Remainder of title M. Hamid Ansari
250 ## - EDITION STATEMENT
Edition statement First
260 ## - PUBLICATION, DISTRIBUTION, ETC. (IMPRINT)
Name of publisher, distributor, etc Rupa Publications India Pvt. Ltd.
Place of publication, distribution, etc New Delhi
Date of publication, distribution, etc 2016
270 ## - ADDRESS
Address 7/16, Ansari Road, Daryaganj
City New Delhi
Postal code 110002
300 ## - PHYSICAL DESCRIPTION
Extent 323p.
Dimensions 24cm(hb)
942 ## - ADDED ENTRY ELEMENTS (KOHA)
Source of classification or shelving scheme Dewey Decimal Classification
Item type English Books
Classification part 333.954
Call number suffix ANS
Edition 2016
Holdings
Withdrawn status Lost status Not for loan Collection code Home library Current library Date acquired Source of acquisition Cost, normal purchase price Full call number Barcode Copy number Cost, replacement price Koha item type
      Non-fiction Bawana Bawana 24/10/2024 DBAD 595.00 333.954 ANS EN-125954 1 595.00 English Books

© Delhi Public Library
Hit Counter
free hit counter